000 00328nam a2200145Ia 4500
008 230917s9999||||xx |||||||||||||| ||und||
040 _e103843
_aMAIN
041 _aEnglish
082 _aB D542B:R
100 _aBurrell, Paul
245 2 _aA royal duty
260 _aLondon
_bPenguin
_c2003
300 _a396 p.
942 _cBK
999 _c111434
_d111434